| 000 | 01264nam0a2200349 4500 | ||
|---|---|---|---|
| 001 | RU\NLR\bibl\1444249 | ||
| 005 | 20250615225436.0 | ||
| 010 |
_a978-5-79347-0272-9 _9500 |
||
| 021 |
_aRU _b2009-79200 _94967 |
||
| 035 | _a(nilc)EL/0000295240 | ||
| 035 | _a(NLR Aleph) 001436094 | ||
| 090 |
_a1433298 _c1433298 |
||
| 100 | _a20091005d2009 |||y0rusy50 ca | ||
| 101 | 0 | _arus | |
| 102 | _aRU | ||
| 105 | _aa ||||||||| | ||
| 200 | 1 |
_aЗемля на всех одна _fАлександр Сугоров |
|
| 210 |
_aСыктывкар _c[б. и.] _d2009 |
||
| 215 |
_a311 с. _cил., портр. _d21 |
||
| 320 | _aДр. произведения авт. на 2-й с. | ||
| 606 | 1 |
_aВеликая Отечественная война _jВоспоминания, записки и т.п. _z1941 - 1945 _9903571 _3RU\NLR\auth\668893 |
|
| 686 |
_a63.3(2Рос.Ком)622 _vLBC/M _2rubbk |
||
| 686 | _aТ3(2)722,013 | ||
| 686 | _aЦ35(2)722,013 | ||
| 700 | 1 |
_aСугоров _bА. Б. _f1949- _gАлександр Борисович _4070 |
|
| 801 | 0 |
_aRU _bНБР Коми _c20091005 _grcr |
|
| 801 | 1 |
_aRU _bНБР Коми _c20091005 _2rusmarc |
|
| 801 | 2 |
_aRU _bNLR _c20091126 _grcr |
|
| 830 | _aавт. по кн. | ||
| 942 | _cBOOK | ||
| 980 | _aNB | ||